000 00939nam a22002297a 4500
005 20111122162637.0
010 _aB-444717
020 _a9780752866154
_c430.00
035 _aB-444717
037 _aBlue Berry/Ven
_bDPL
082 0 0 _aS
100 1 _aGoscinny Rene,
_937594
245 1 0 _aAsterix and the Goths/
_c by Rene Goscinny; illustrated by Albert Uderzo; translated by Anthea Bell and Derek Hockridge.
260 _aLondon
_bOrion Publishing Group
_c2004
270 _aOrion House, 5 Upper Saint Martin's Lane
_bLondon
_ewc2H 9EA
300 _a47p.
_c30 cm.
_bcol. illus.
490 _aAn Asterix Adventure
_937595
700 1 _aUderzo,
_935940
942 _2ddc
_cCH
_hS
_mGOS
999 _c58627
_d58627